[Event "VIE-ch (Women)"]
[Site "Ho Chi Minh City"]
[Date "2015.04.25"]
[Round "9"]
[White "Vo, Thi Kim Phung"]
[Black "Pham, Thi Thu Hoai"]
[Result "1-0"]
[WhiteElo "2197"]
[BlackElo "1930"]
[PlyCount "123"]
[EventDate "2015.04.18"]
[EventType "swiss"]
[EventRounds "9"]
[EventCountry "VIE"]
[SourceTitle "CBM 166 Extra"]
[Source "ChessBase"]
[SourceDate "2015.06.18"]
[SourceVersion "1"]
[SourceVersionDate "2015.06.18"]
[SourceQuality "1"]

1. d4 d5 2. Bf4 c6 3. Nc3 Nf6 4. e3 Bf5 5. Nf3 Nbd7 6. h3 e6 7. a3 Be7 8. Be2 0-0 9. 0-0 c5 10. Nh4 Bg6 11. Nxg6 hxg6 12. Bf3 Rc8 13. Qd3 a6 14. g4 Nh7 15. Ne2 Qb6 16. Rab1 cxd4 17. exd4 Qc6 18. c3 Nb6 19. Bg2 Nc4 20. Ng3 Bd6 21. Bxd6 Qxd6 22. f4 Qe7 23. Rf2 Rfd8 24. Re1 Rc6 25. Ree2 Nf8 26. g5 Qc7 27. Qf3 Nd6 28. h4 Nf5 29. Nxf5 gxf5 30. h5 b5 31. Bf1 g6 32. Re3 Qd6 33. Be2 gxh5 34. Qxh5 Ng6 35. Rh3 Kf8 36. Qh6+ Ke7 37. Qg7 Rf8 38. Qf6+ Ke8 39. Re3 Kd7 40. Bh5 Nh8 41. Rh3 Rcc8 42. Kg2 Qe7 43. Qxe7+ Kxe7 44. Kf3 Rg8 45. Rg2 Rb8 46. Ke3 a5 47. b4 Rgc8 48. Rc2 axb4 49. axb4 Ra8 50. Be2 Rcb8 51. Rh7 Ng6 52. Bh5 Rg8 53. Rh2 Ra3 54. Bxg6 Rxg6 55. Kd3 Ra8 56. Rh1 Rgg8 57. R1h6 Ke8 58. Rf6 Rf8 59. g6 Ke7 60. Rfxf7+ Rxf7 61. Rxf7+ Kd6 62. g7 1-0

[Event "VIE-ch (Women)"]
[Site "Da Lat"]
[Date "2014.03.27"]
[Round "3"]
[White "Hoang, Thi Bao Tram"]
[Black "Pham, Thi Thu Hoai"]
[Result "1-0"]
[WhiteElo "2269"]
[BlackElo "1924"]
[PlyCount "102"]
[EventDate "2014.03.26"]
[EventType "swiss"]
[EventRounds "11"]
[EventCountry "VIE"]
[SourceTitle "CBM 159 Extra"]
[Source "ChessBase"]
[SourceDate "2014.04.24"]
[SourceVersion "1"]
[SourceVersionDate "2014.04.24"]
[SourceQuality "1"]

1. Nf3 Nf6 2. g3 c5 3. Bg2 Nc6 4. 0-0 e6 5. c4 Be7 6. Nc3 a6 7. d4 cxd4 8. Nxd4 Qc7 9. b3 0-0 10. Bb2 b6 11. e4 Bb7 12. Nc2 Rfd8 13. Ne3 Rac8 14. Rc1 Qb8 15. Qe2 Ba8 16. Rfd1 d6 17. f4 Na7 18. a4 Bc6 19. Ng4 Qb7 20. Nf2 b5 21. axb5 axb5 22. cxb5 Nxb5 23. Nxb5 Bxb5 24. Qe3 Nd7 25. e5 d5 26. f5 Rxc1 27. Rxc1 Rc8 28. Bh3 Rxc1+ 29. Qxc1 exf5 30. Bxf5 Nf8 31. Qd2 Bd7 32. Bxd7 Qxd7 33. Qa5 Qb7 34. Qa4 h6 35. Ba3 Bxa3 36. Qxa3 Ne6 37. b4 d4 38. Qa4 Nc7 39. Qd7 Qa7 40. b5 Qa5 41. Qd8+ Kh7 42. Kg2 Qa7 43. Qd7 Qa8+ 44. Qc6 Qxc6+ 45. bxc6 Kg6 46. Kf3 Kf5 47. Nd3 h5 48. h3 Nb5 49. g4+ hxg4+ 50. hxg4+ Ke6 51. Ke4 f6 1-0

[Event "VIE-chT (Women)"]
[Site "Bac Giang"]
[Date "2013.08.20"]
[Round "10"]
[White "Tran Thi Mong, Thu"]
[Black "Pham, Thi Thu Hoai"]
[Result "1/2-1/2"]
[WhiteElo "1855"]
[BlackElo "1949"]
[PlyCount "92"]
[EventDate "2013.08.14"]
[EventType "team-swiss"]
[EventRounds "11"]
[EventCountry "VIE"]
[SourceTitle "CBM 156 Extra"]
[Source "ChessBase"]
[SourceDate "2013.10.22"]
[SourceVersion "1"]
[SourceVersionDate "2013.10.22"]
[SourceQuality "1"]

1. d4 d5 2. c4 c6 3. Nc3 Nf6 4. Bg5 e6 5. e3 Nbd7 6. c5 e5 7. b4 Be7 8. Be2 0-0 9. Nf3 exd4 10. exd4 Re8 11. 0-0 Nf8 12. Qc2 Bg4 13. Rfe1 Ne4 14. Be3 Nxc3 15. Qxc3 Bf6 16. Rad1 Qc7 17. Qc1 Ne6 18. h3 Bxf3 19. Bxf3 Re7 20. Rd3 Rae8 21. Red1 h6 22. Bg4 Bg5 23. Bxe6 Rxe6 24. Bxg5 hxg5 25. Rg3 Qe7 26. Qxg5 Qxg5 27. Rxg5 Re1+ 28. Rxe1 Rxe1+ 29. Kh2 Rd1 30. Re5 Kf8 31. Re2 Rxd4 32. Rb2 a6 33. Kg3 Ke7 34. Kf3 Kf6 35. Ke3 Rc4 36. Kd3 Kg6 37. Rb1 Kf6 38. a3 a5 39. g3 axb4 40. axb4 Kg6 41. Rb2 Kf5 42. Rb1 g5 43. Rb2 Kg6 44. Rb1 f5 45. Rb2 Kf6 46. Rb1 Kg6 1/2-1/2

[Event "VIE-chT (Women)"]
[Site "Bac Giang"]
[Date "2013.08.19"]
[Round "9"]
[White "Le, Phu Nguyen Thao"]
[Black "Pham, Thi Thu Hoai"]
[Result "1/2-1/2"]
[WhiteElo "2049"]
[BlackElo "1949"]
[PlyCount "111"]
[EventDate "2013.08.14"]
[EventType "team-swiss"]
[EventRounds "11"]
[EventCountry "VIE"]
[SourceTitle "CBM 156 Extra"]
[Source "ChessBase"]
[SourceDate "2013.10.22"]
[SourceVersion "1"]
[SourceVersionDate "2013.10.22"]
[SourceQuality "1"]

1. c4 c6 2. g3 Nf6 3. Bg2 d5 4. d4 dxc4 5. Nf3 Bf5 6. 0-0 e6 7. a4 Be7 8. Na3 0-0 9. Nxc4 Nbd7 10. Bf4 Nb6 11. Nfe5 Nxc4 12. Nxc4 h6 13. Be5 Ne4 14. f3 Nd6 15. Nd2 Bh7 16. e4 Nc8 17. Nb3 Nb6 18. Qc2 Nd5 19. Qe2 Nb4 20. Rfd1 Rc8 21. Bf4 Re8 22. Be3 Bd6 23. Rd2 Qc7 24. Rad1 f5 25. e5 Bf8 26. Rc1 Qf7 27. f4 Bg6 28. Bf3 Rcd8 29. Kg2 Nd5 30. Rdc2 Rd7 31. Nd2 Red8 32. Bg1 Bh7 33. Rf1 Qe7 34. Bxd5 Rxd5 35. Qc4 Qb4 36. b3 Bg6 37. Nb1 Bf7 38. Nc3 R5d7 39. Qxb4 Bxb4 40. Na2 Ba5 41. Rc4 Be8 42. b4 Bb6 43. Rd1 a5 44. Nc1 axb4 45. Rxb4 Ba5 46. Rc4 Rd5 47. Nb3 b5 48. Rc5 bxa4 49. Rxd5 Rxd5 50. Nc5 Kf7 51. Rb1 Ke7 52. Rb7+ Bd7 53. Nxa4 Rb5 54. Ra7 Bb6 55. Nxb6 Rxb6 56. Ra2 1/2-1/2

[Event "VIE-chT (Women)"]
[Site "Hanoi"]
[Date "2012.09.24"]
[Round "5"]
[White "Pham, Thi Thu Hoai"]
[Black "Le, Phu Nguyen Thao"]
[Result "0-1"]
[WhiteElo "1964"]
[BlackElo "2050"]
[PlyCount "48"]
[EventDate "2012.09.21"]
[EventType "team-tourn"]
[EventRounds "9"]
[EventCountry "VIE"]
[SourceTitle "CBM 150 Extra"]
[Source "ChessBase"]
[SourceDate "2012.10.19"]
[SourceVersion "1"]
[SourceVersionDate "2012.10.19"]
[SourceQuality "1"]

1. e4 c5 2. Nf3 e6 3. d4 cxd4 4. Nxd4 a6 5. c4 Nf6 6. Nc3 Bb4 7. Qc2 Nc6 8. Nxc6 dxc6 9. Bd3 e5 10. 0-0 0-0 11. a3 Be7 12. h3 Be6 13. Be3 Qc7 14. f4 exf4 15. Bxf4 Bd6 16. Bxd6 Qxd6 17. Rxf6 gxf6 18. e5 Qxe5 19. Bxh7+ Kg7 20. Bd3 Rad8 21. Kh1 Rh8 22. Ne4 Bxh3 23. gxh3 Rxh3+ 24. Kg1 Rdxd3 0-1

[Event "VIE-ch (Women) qual"]
[Site "Hanoi"]
[Date "2009.02.20"]
[Round "8"]
[White "Pham, Thi Thu Hoai"]
[Black "Nguyen, Thi Thu Quyen"]
[Result "0-1"]
[WhiteElo "1928"]
[BlackElo "1868"]
[PlyCount "98"]
[EventDate "2009.02.15"]
[EventType "swiss"]
[EventRounds "9"]
[EventCountry "VIE"]
[SourceTitle "EXT 2012"]
[Source "ChessBase"]
[SourceDate "2011.11.24"]
[SourceVersion "1"]
[SourceVersionDate "2011.11.24"]
[SourceQuality "1"]

1. e4 c5 2. Nf3 d6 3. d4 cxd4 4. Nxd4 Nf6 5. Nc3 a6 6. Be3 e6 7. Be2 Qc7 8. 0-0 b5 9. Bf3 Bb7 10. a3 Be7 11. g3 0-0 12. Bg2 Rd8 13. f4 Nc6 14. Nb3 Rac8 15. Qe2 Nd7 16. Rac1 Nb6 17. Nd1 Nc4 18. Bf2 N6a5 19. Nd4 Nc6 20. c3 Bf8 21. Ne3 N6a5 22. Nd1 e5 23. Nf5 Nb3 24. Rc2 Re8 25. Qg4 Kh8 26. Re1 Rcd8 27. Nfe3 Nc5 28. Nxc4 bxc4 29. f5 Nd3 30. Rf1 Nxf2 31. Rcxf2 f6 32. Ne3 d5 33. Nxd5 Bxd5 34. exd5 Bc5 35. Kh1 Bxf2 36. Rxf2 Qc5 37. Re2 Rd6 38. Qh5 Rc8 39. Be4 Kg8 40. g4 Rxd5 41. Bxd5+ Qxd5+ 42. Kg1 Qf3 43. Rf2 Qe3 44. Kg2 Qe4+ 45. Kf1 Rd8 46. Re2 Rd1+ 47. Kf2 Qf4+ 48. Kg2 Qf1+ 49. Kg3 Rd3+ 0-1

[Event "VIE-ch (Women) qual"]
[Site "Hanoi"]
[Date "2009.02.17"]
[Round "3"]
[White "Luong, Huyen Ngoc"]
[Black "Pham, Thi Thu Hoai"]
[Result "1-0"]
[WhiteElo "1928"]
[BlackElo "1928"]
[PlyCount "73"]
[EventDate "2009.02.15"]
[EventType "swiss"]
[EventRounds "9"]
[EventCountry "VIE"]
[SourceTitle "EXT 2012"]
[Source "ChessBase"]
[SourceDate "2011.11.24"]
[SourceVersion "1"]
[SourceVersionDate "2011.11.24"]
[SourceQuality "1"]

1. e4 e5 2. Nf3 Nc6 3. Nc3 Nf6 4. d4 exd4 5. Nxd4 Bb4 6. Nxc6 bxc6 7. Bd3 d5 8. exd5 cxd5 9. 0-0 0-0 10. Bg5 Bxc3 11. bxc3 Qd6 12. h3 Qc6 13. Re1 Ne4 14. Bf4 Nc5 15. Rb1 Bb7 16. Bb5 Qf6 17. Be5 Qd8 18. Qg4 f6 19. Bd4 Bc8 20. Qh5 Ne4 21. Bc6 Be6 22. Bxa8 Qxa8 23. f3 Bf7 24. Qg4 c5 25. fxe4 cxd4 26. cxd4 dxe4 27. Qxe4 Bd5 28. Qg4 Bxa2 29. Re7 Bf7 30. Rbb7 Qd8 31. Qd7 Qxd7 32. Rbxd7 g5 33. Rxa7 Bg6 34. c4 Rb8 35. c5 Kf8 36. Reb7 Rd8 37. c6 1-0

[Event "VIE-ch (Women) qual"]
[Site "Hanoi"]
[Date "2009.02.16"]
[Round "2"]
[White "Pham, Thi Thu Hoai"]
[Black "Nguyen Thi Mai, Hung"]
[Result "0-1"]
[WhiteElo "1928"]
[BlackElo "2295"]
[PlyCount "73"]
[EventDate "2009.02.15"]
[EventType "swiss"]
[EventRounds "9"]
[EventCountry "VIE"]
[SourceTitle "EXT 2012"]
[Source "ChessBase"]
[SourceDate "2011.11.24"]
[SourceVersion "1"]
[SourceVersionDate "2011.11.24"]
[SourceQuality "1"]

1. e4 c5 2. Nf3 d6 3. d4 cxd4 4. Nxd4 Nf6 5. Nc3 a6 6. Be3 e5 7. Nb3 Be7 8. Be2 Be6 9. 0-0 0-0 10. f4 exf4 11. Bxf4 Nc6 12. Kh1 b5 13. Nd4 Ne5 14. a3 Qc7 15. Qe1 Rfd8 16. Qg3 Rac8 17. Rac1 Ng6 18. Be3 Qb7 19. Nf5 Nxe4 20. Nxe4 Bxf5 21. Rxf5 Qxe4 22. Bd3 Qh4 23. Qf3 Ne5 24. Qd5 Nxd3 25. Qxf7+ Kh8 26. cxd3 Rxc1+ 27. Bxc1 Bf6 28. Rf1 Qd4 29. Re1 Be5 30. Rf1 Rg8 31. Qf3 Qh4 32. h3 h6 33. b3 Rc8 34. Bd2 Qg3 35. Qxg3 Bxg3 36. Rc1 Re8 37. Bc3 0-1

[Event "ASEAN-ch9 U18 Girls"]
[Site "Da Nang"]
[Date "2008.06.14"]
[Round "9"]
[White "Pham, Thi Thu Hoai"]
[Black "Le, Thi Ha"]
[Result "1/2-1/2"]
[WhiteElo "1962"]
[BlackElo "1799"]
[PlyCount "33"]
[EventDate "2008.06.10"]
[EventType "swiss"]
[EventRounds "9"]
[EventCountry "VIE"]
[SourceTitle "CBM 125 Extra"]
[Source "ChessBase"]
[SourceDate "2008.09.01"]
[SourceVersion "1"]
[SourceVersionDate "2008.09.01"]
[SourceQuality "1"]

1. e4 e5 2. Nf3 Nc6 3. Bb5 a6 4. Ba4 Nf6 5. 0-0 Be7 6. Re1 b5 7. Bb3 d6 8. c3 0-0 9. h3 Na5 10. Bc2 c5 11. d4 Qc7 12. Nbd2 cxd4 13. cxd4 Nc6 14. d5 Nb4 15. Bb1 a5 16. a3 Na6 17. Nf1 1/2-1/2

[Event "VIE-ch (Women)"]
[Site "Hue"]
[Date "2007.04.10"]
[Round "8"]
[White "Tran, Thi Kim Loan"]
[Black "Pham, Thi Thu Hoai"]
[Result "1-0"]
[WhiteElo "2194"]
[BlackElo "1932"]
[PlyCount "86"]
[EventDate "2007.04.03"]
[EventType "swiss"]
[EventRounds "9"]
[EventCountry "VIE"]
[SourceTitle "EXT 2023"]
[Source "ChessBase"]
[SourceDate "2022.10.05"]
[SourceVersion "1"]
[SourceVersionDate "2022.10.05"]
[SourceQuality "1"]

1. d4 d5 2. c4 e6 3. Nc3 Bb4 4. Nf3 Nf6 5. Bg5 0-0 6. e3 Nbd7 7. Bd3 c6 8. 0-0 dxc4 9. Bxc4 b5 10. Bd3 Bb7 11. Ne4 Be7 12. Rc1 Rc8 13. Bxf6 Nxf6 14. Ne5 Ba8 15. Nc5 Bd6 16. f4 Qe7 17. Qf3 Nd5 18. Qh3 f5 19. g4 g6 20. Rf3 Bxe5 21. fxe5 Nc7 22. gxf5 gxf5 23. Rg3+ Kh8 24. Qh6 Rg8 25. Rf1 Rxg3+ 26. hxg3 Rg8 27. Kf2 Rg6 28. Qh3 Qg7 29. Rh1 Nd5 30. a3 Ne7 31. e4 fxe4 32. Bxe4 Qf7+ 33. Ke2 Nf5 34. Bxf5 exf5 35. e6 Rxe6+ 36. Nxe6 Qxe6+ 37. Kf2 Qd7 38. Qh4 c5 39. Re1 Bc6 40. dxc5 Be4 41. Qf6+ Kg8 42. Qd6 Qe8 43. Rd1 Qh5 1-0

[Event "VIE-ch (Women)"]
[Site "Hue"]
[Date "2007.04.06"]
[Round "4"]
[White "Huynh, Mai Phuong Dung"]
[Black "Pham, Thi Thu Hoai"]
[Result "1/2-1/2"]
[WhiteElo "2128"]
[BlackElo "1932"]
[PlyCount "113"]
[EventDate "2007.04.03"]
[EventType "swiss"]
[EventRounds "9"]
[EventCountry "VIE"]
[SourceTitle "EXT 2023"]
[Source "ChessBase"]
[SourceDate "2022.10.05"]
[SourceVersion "1"]
[SourceVersionDate "2022.10.05"]
[SourceQuality "1"]

1. e4 d5 2. exd5 Qxd5 3. Nc3 Qd6 4. d4 Nf6 5. h3 a6 6. a4 Nc6 7. Nf3 b6 8. Be2 Bb7 9. 0-0 e6 10. Be3 Be7 11. Qd2 Rd8 12. Rfd1 0-0 13. Qe1 Nb4 14. Rac1 Qd7 15. Ne5 Qc8 16. Bf3 Nbd5 17. Nxd5 Nxd5 18. c3 c5 19. dxc5 bxc5 20. Nc4 Nxe3 21. Qxe3 h6 22. Qe2 Bc6 23. Bxc6 Qxc6 24. Qc2 Bf6 25. Rxd8 Rxd8 26. Rd1 Rd5 27. Rxd5 exd5 28. Ne3 Qb7 29. b3 g6 30. Qd3 d4 31. cxd4 cxd4 32. Nc2 Qc6 33. g3 Qe6 34. Kh2 h5 35. b4 Be5 36. h4 Qf6 37. Kg1 g5 38. hxg5 Qxg5 39. Kf1 Qf6 40. Ne1 Bc7 41. b5 axb5 42. axb5 Bb8 43. Qf3 Qe5 44. Qe2 f6 45. Nf3 Qd6 46. Qe8+ Kg7 47. Qxh5 d3 48. Qg4+ Kf8 49. Qd4 Ke7 50. Ke1 Qe6+ 51. Qe3 Qxe3+ 52. fxe3 Bxg3+ 53. Kd2 Kd6 54. Kxd3 Kc5 55. Ke4 Bc7 56. Kf5 Kxb5 57. Kxf6 1/2-1/2